| 000 | 00398nam a2200109Ia 4500 | ||
|---|---|---|---|
| 008 | 171204s9999 xx 000 0 und d | ||
| 245 | _aHandbook Of Research On Strategic Business Infrastructure Development And Contemporary Issues In Finance: | ||
| 245 | _cNilanjan Ray | ||
| 260 | _c2015 | ||
| 650 | _xBUSINESS RESEARCH | ||
| 856 | _uhttp://down.ebook777.com/HanOfResOnStrBusInfDevAndConIssInFin.pdf | ||
| 999 |
_c346948 _d346948 |
||